00413nam a22001457a 450000500170000001000130001702000150003003500130004503700300005808200110008810000160009924500650011526000470018030000400022720190206165831.0 aA-463616 a8185047820 aA-463616 bReliance Publishing House a954.62 aSinha, A.C. aBhutan :bEthnic identity and national dilemma /cA.C. Sinha aNew DelhibReliance Publishing Housec1991 a258p. (it include index)c22cm(hbk)